ARRUPE JESUIT UNIVERSITY

CORONAVIRUS -STOP THE SPREAD - CLEAN,DISINFECT,COVER

The Emergence of Africa fiction (Record no. 124939)

MARC details
000 -LEADER
fixed length control field 00526nam a22001457a 4500
008 - FIXED-LENGTH DATA ELEMENTS--GENERAL INFORMATION
fixed length control field 160811b xxu||||| |||| 00| 0 eng d
050 ## - LIBRARY OF CONGRESS CALL NUMBER
Classification number PR9340.L334
100 ## - MAIN ENTRY--PERSONAL NAME
Personal name Larson, Charles R.
9 (RLIN) 6086
245 ## - TITLE STATEMENT
Title The Emergence of Africa fiction
Statement of responsibility, etc / Charles R. Larson
260 ## - PUBLICATION, DISTRIBUTION, ETC. (IMPRINT)
Place of publication, distribution, etc United States of America
Name of publisher, distributor, etc Indiana University Press
Date of publication, distribution, etc 1971
300 ## - PHYSICAL DESCRIPTION
Extent v.311p.
Dimensions 19cm.
650 ## - SUBJECT ADDED ENTRY--TOPICAL TERM
Topical term or geographic name as entry element African fiction (english)
General subdivision History and criticism
9 (RLIN) 12267
650 ## - SUBJECT ADDED ENTRY--TOPICAL TERM
Topical term or geographic name as entry element African fiction (French)
General subdivision History and criticism
9 (RLIN) 24863
942 ## - ADDED ENTRY ELEMENTS (KOHA)
Source of classification or shelving scheme Library of Congress Classification
Item type Monograph ( Printed materials)
Holdings
Withdrawn status Lost status Source of classification or shelving scheme Damaged status Not for loan Collection code Home library Current library Shelving location Date acquired Total Checkouts Full call number Barcode Date last seen Price effective from Koha item type
    Library of Congress Classification     Main Collection ARRUPE LIBRARY ARRUPE LIBRARY Main Collection 11/08/2016   PR9340.L334 46500009445 11/08/2016 11/08/2016 Monograph ( Printed materials)

 

Arrupe Library. PO Box MP320 Mt Pleasant, Harare, Zimbabwe
263 242 745411|librarian@aju.ac.zw